Southville International School and Colleges
Your cart is empty.
  • Cart
  • Lists
    Public lists Eva Luna New books Lux_list list_1
    Your lists Log in to create your own lists
  • Log in to your account
  • Your cookies
  • Search history
Southville International School and Colleges
  • Advanced search
  • Recent comments
  • Most popular
  • Libraries

Log in to your account

Log in with GOOGLE


If you do not have an external account, but do have a local account, you can still log in:

  1. Home
  2. MARC view: Basic English Idioms :
Normal view MARC view ISBD view

Basic English Idioms : (Record no. 6891)

[ view plain ]
MARC details
000 -LEADER
fixed length control field 00630nam a22002177a 4500
003 - CONTROL NUMBER IDENTIFIER
control field OSt
005 - DATE AND TIME OF LATEST TRANSACTION
control field 20140310181919.0
008 - FIXED-LENGTH DATA ELEMENTS--GENERAL INFORMATION
fixed length control field 130717t xxu||||| |||| 00| 0 eng d
020 ## - INTERNATIONAL STANDARD BOOK NUMBER
International Standard Book Number 9789812552167
050 ## - LIBRARY OF CONGRESS CALL NUMBER
Classification number PE 1137
Item number .L732 2009
082 ## - DEWEY DECIMAL CLASSIFICATION NUMBER
Classification number TR 741.5
Item number B12 2007
100 ## - MAIN ENTRY--PERSONAL NAME
Personal name Lim, Tan Cheng
9 (RLIN) 1384
245 ## - TITLE STATEMENT
Title Basic English Idioms :
Remainder of title for effective communication /
Statement of responsibility, etc Tan Cheng Lim.
260 ## - PUBLICATION, DISTRIBUTION, ETC. (IMPRINT)
Place of publication, distribution, etc Singapore :
Name of publisher, distributor, etc Singapore Asian Publication,
Date of publication, distribution, etc c2009.
300 ## - PHYSICAL DESCRIPTION
Extent 158 p. :
Dimensions 22 cm.
521 ## - TARGET AUDIENCE NOTE
Target audience note
541 ## - IMMEDIATE SOURCE OF ACQUISITION NOTE
-- 1
562 ## - COPY AND VERSION IDENTIFICATION NOTE
Number of copies 1
650 ## - SUBJECT ADDED ENTRY--TOPICAL TERM
Topical term or geographic name as entry element English language
General subdivision Idioms.
9 (RLIN) 1385
942 ## - ADDED ENTRY ELEMENTS (KOHA)
Source of classification or shelving scheme Library of Congress Classification
Koha item type
Call number prefix
Holdings
Withdrawn status Lost status Source of classification or shelving scheme Damaged status Home library Current library Shelving location Date acquired Total Checkouts Full call number Barcode Date last seen Date checked out Copy number Price effective from Koha item type
    Library of Congress Classification   Luxembourg Library Luxembourg Library Teachers Reference Section 07/17/2013 1 PE 1137 .L732 2009 17570 06/16/2015 02/13/2014 1 07/17/2013 Books

Basic English Idioms :

APA

Lim T. C., . (2009). Basic English Idioms. Singapore: Singapore Asian Publication.

Chicago

Lim Tan Cheng, . 2009. Basic English Idioms. Singapore: Singapore Asian Publication.

Harvard

Lim T. C., . (2009). Basic English Idioms. Singapore: Singapore Asian Publication.

MLA

Lim Tan Cheng, . Basic English Idioms. Singapore: Singapore Asian Publication. 2009.

  • Place hold
  • Print
  • Cite
  • Add to your cart (remove)
  • Save record
    BIBTEX Dublin Core MARCXML MARC (non-Unicode/MARC-8) MARC (Unicode/UTF-8) MARC (Unicode/UTF-8, Standard) MODS (XML) RIS
  • More searches
    Search for this title in:
    Other Libraries (WorldCat) Other Databases (Google Scholar) Online Stores (Bookfinder.com) Open Library (openlibrary.org)

Exporting to Dublin Core...

SOUTHVILLE LIBRARY

Southville International School and Colleges Library

1281 Tropical Ave. Cor. Luxembourg St., BF Homes International, Las Pinas City

Tel. No. 8256374 / 252358 Loc. 117/146

Powered by Koha